إختيارات الصيمري النحوية في كتاب التبصرة والتذكرة /
Saved in:
| Main Author: | |
|---|---|
| Other Authors: | |
| Format: | Thesis |
| Language: | Arabic |
| Published: |
Makkah :
Jami'at Umm al-Qura',
2008
|
| Subjects: | |
| Tags: |
Add Tag
No Tags, Be the first to tag this record!
|
| LEADER | 013870000a22002770004500 | ||
|---|---|---|---|
| 008 | 120711s2008 su f m 000 0 ara d | ||
| 040 | |a UIAM |b eng | ||
| 041 | |a ara | ||
| 050 | 1 | 4 | |a PJ6101 |
| 100 | 1 | |a عتيبي، صالح محمد قابل | |
| 242 | 1 | 0 | |a Ikhtiyarat al-Saymari al-nahwiyah fi kitab al-Tabsirah wa-al-tadhkirah |
| 245 | 1 | 0 | |a إختيارات الصيمري النحوية في كتاب التبصرة والتذكرة / |c إعداد الطالب، صالح محمد قابل العتيبي |
| 260 | |a Makkah : |b Jami'at Umm al-Qura', |c 2008 | ||
| 300 | |a 206 leaves ; |c 30 cm. | ||
| 500 | |a "رسالة مقدمة لنيل درجة الماجستير في اللغة العربية" --On t.p. | ||
| 502 | |a Thesis (M.A.)--Jami'at Umm al-Qura', 2008 | ||
| 504 | |a Includes bibliographical references (leaves 197-200) and index. | ||
| 596 | |a 1 | ||
| 600 | 1 | 0 | |a Saymari, 'Abd Allah ibn 'Ali, |d d.1146?. |t al-Tabsirah wa-al-tadhkirah |
| 650 | 0 | |a Arabic language |v Early works to 1800 |x Grammar | |
| 655 | 0 | 7 | |a Theses, Facsimile edition (Islamic) |
| 700 | 1 | |a 'Utaybi, Salih Muhammad Qabil | |
| 710 | 2 | |a Jami'at Umm al-Qura. |b Kulliyat al-Lughah al-'Arabiyah | |
| 900 | |a arf-sar | ||
| 999 | |c 435322 |d 466969 | ||
| 952 | |0 0 |6 TI PJ 006101 S275T3 U897 2008 |7 0 |8 THESES |9 756903 |a IIUM |b IIUM |c MULTIMEDIA |g 351.00 |o ti PJ 6101 S275T3 U897 2008 |p 00011221820 |r 2017-10-23 |t 1 |v 351.00 |y THESIS | ||
